Is your mama a Llama?. (Record no. 113536)
[ view plain ]
| 000 -LEADER | |
|---|---|
| fixed length control field | 00301nam a2200133 a 4500 |
| 001 - CONTROL NUMBER | |
| control field | 4140 |
| 005 - DATE AND TIME OF LATEST TRANSACTION | |
| control field | 20140414132025.0 |
| 008 - FIXED-LENGTH DATA ELEMENTS--GENERAL INFORMATION | |
| fixed length control field | 090218s19uu xx 00 eng d |
| 050 ## - LIBRARY OF CONGRESS CALL NUMBER | |
| Classification number | TR |
| Item number | IS9 1989 |
| 100 ## - MAIN ENTRY--PERSONAL NAME | |
| Personal name | Guarino, Deborah |
| 245 ## - TITLE STATEMENT | |
| Title | Is your mama a Llama?. |
| Withdrawn status | Lost status | Damaged status | Home library | Current library | Shelving location | Date acquired | Total Checkouts | Full call number | Barcode | Date last seen | Price effective from | Koha item type |
|---|---|---|---|---|---|---|---|---|---|---|---|---|
| Munich Library | Munich Library | Teachers Reference Section | 02/18/2009 | TR IS9 1989 | M5118 | 04/14/2014 | 04/14/2014 | Books | ||||
| Munich Library | Munich Library | Teachers Reference Section | 03/15/2011 | TR IS9 1989 | M5082 | 04/14/2014 | 04/14/2014 | Books |